000 00788nam a22002537a 4500
001 BR8404796
003 BR-BrBNA
005 20230928092025.0
007 ta
008 230509b bl.||||| |||| 00| 0 por d
040 _aBR-BrBNA
_bpor
_cBiblioteca Nacional de Agricultura
041 _a(Por)
072 _aE10
_b/G514
090 _ E10 BR8404796
100 1 _aCorrea, P.
110 1 _aCamara dos Deputados, Brasilia, DF (Brasil). Centro de Documentacao e Informacao
_91315
245 1 _aEm defesa do nordeste [politica economica]
_bDiscursos pronunciados e projetos de lei apresentados
260 3 _aBrasilia, DF (Brasil):
_c1983.
300 _a62 p.
650 _aDESENVOLVIMENTO ECONOMICO
650 _aREGIAO NORDESTE
909 _a202309
_bLucia
_c55
_dLucia Elande
942 _cBK
999 _c36753
_d36753